00743nac a22001931u 4500010001400000020001500014028001500029082002200044090001500066100003400081245014800115260004400263300002000307504005000327600001500377942002400392999001500416952011800431 a010678401 a1403900590 bwww.lib.uk a332.4566094bV585 c2190d2190 averdun,amy  aeuropean responses to globlization and financial market integrationbperceptions of economic and monetary union in britain , france and germany anew yorkbpalgrave macmillan,2000c2000 a260 p. ;c23 cm aIncludes bibliographical references and index aamy verdun cBBk332.4566094V585 c2190d2190 00104070aMAINbMAINc1STd2012-02-07ePurchasel0o332.4566094 VERp000002193r2025-07-15 00:00:00v161.90yBB